| 000 | 00351nam a22001577a 4500 | ||
|---|---|---|---|
| 003 | OSt | ||
| 005 | 20211026094911.0 | ||
| 008 | 211026b |||||||| |||| 00| 0 eng d | ||
| 020 | _a0582822971 | ||
| 040 |
_aHU _cDDC |
||
| 082 | _a349.42 | ||
| 245 | _aAS LAW | ||
| 260 |
_aENGLAND _bPEARSON _c2004 |
||
| 300 | _axxix,643,P,35CM | ||
| 942 |
_2ddc _cBOOKS _n0 |
||
| 999 |
_c14872 _d14872 |
||